| Tag |
First Indicator |
Second Indicator |
Subfields |
| LEADER |
00000cam a2200000 i 4500 |
| 001 |
in00000029674 |
| 005 |
20151007062903.0 |
| 008 |
780112s1978 nyu 00010aeng |
| 010 |
|
|
|a 78000045
|
| 020 |
|
|
|a 0671240080
|
| 035 |
|
|
|a (OCoLC)03627939
|
| 035 |
|
|
|9 AAD6028AM
|
| 040 |
|
|
|a DLC
|c DLC
|d LLU
|d OCL
|d TXA
|d UtOrBLW
|
| 049 |
|
|
|a TXAM
|c [981157]
|
| 050 |
0 |
0 |
|a RC280.B7
|b L48
|
| 082 |
0 |
|
|a 616.9/94/810926
|a B
|
| 096 |
|
|
|a WL 358 L616d 1978
|
| 100 |
1 |
|
|a Lerner, Gerda,
|d 1920-2013.
|
| 245 |
1 |
2 |
|a A death of one's own /
|c by Gerda Lerner.
|
| 264 |
|
1 |
|a New York :
|b Simon and Schuster,
|c [1978]
|
| 264 |
|
4 |
|c ©1978
|
| 300 |
|
|
|a 269 pages ;
|c 24 cm.
|
| 336 |
|
|
|a text
|b txt
|2 rdacontent
|
| 337 |
|
|
|a unmediated
|b n
|2 rdamedia
|
| 338 |
|
|
|a volume
|b nc
|2 rdacarrier
|
| 600 |
1 |
0 |
|a Lerner, Gerda,
|d 1920-2013.
|
| 600 |
1 |
0 |
|a Lerner, Carl.
|
| 650 |
|
0 |
|a Brain
|x Tumors
|x Biography.
|
| 999 |
|
|
|a MARS
|
| 999 |
f |
f |
|s 029d07be-2633-34c1-bb05-c74cc5a07294
|i 50eb91f7-dbe0-30b8-a0d5-b437327943a1
|t 0
|
| 952 |
f |
f |
|p ric
|a Texas A&M University
|b Rellis Campus
|c Joint Library Facility
|d Remote Storage
|t 0
|e RC280.B7 L48
|h Library of Congress classification
|i unmediated -- volume
|m A14805095609
|
| 998 |
f |
f |
|a RC280.B7 L48
|t 0
|l Remote Storage
|